Narayana Kavi rachitha:Uttara Rama Kate ನಾರಾಯಣ ಕವಿ ರಚಿತ :ಉತ್ತರ ರಾಮ ಕಥೆ (Record no. 222859)
[ view plain ]
| 000 -LEADER | |
|---|---|
| fixed length control field | 00760nam a22001937a 4500 |
| 005 - DATE AND TIME OF LATEST TRANSACTION | |
| control field | 20220510111054.0 |
| 008 - FIXED-LENGTH DATA ELEMENTS--GENERAL INFORMATION | |
| fixed length control field | 220510b ||||| |||| 00| 0 eng d |
| 040 ## - CATALOGING SOURCE | |
| Transcribing agency | AL |
| 041 ## - LANGUAGE CODE | |
| Language code of text/sound track or separate title | Kannada |
| 082 ## - DEWEY DECIMAL CLASSIFICATION NUMBER | |
| Edition number | 23 |
| Classification number | K894.1 |
| Item number | VENN |
| 100 ## - MAIN ENTRY--PERSONAL NAME | |
| Personal name | K. Venkatarayacharya ಕೆ . ವೆಂಕಟರಾಯಾಚಾರ್ಯ |
| 100 ## - MAIN ENTRY--PERSONAL NAME | |
| 9 (RLIN) | 35502 |
| 245 ## - TITLE STATEMENT | |
| Title | Narayana Kavi rachitha:Uttara Rama Kate ನಾರಾಯಣ ಕವಿ ರಚಿತ :ಉತ್ತರ ರಾಮ ಕಥೆ |
| 260 ## - PUBLICATION, DISTRIBUTION, ETC. | |
| Place of publication, distribution, etc. | Surathkal ಸುರತ್ಕಲ್ಲು |
| Name of publisher, distributor, etc. | Vijaya sahithya maale ವಿಜಯ ಸಾಹಿತ್ಯ ಮಾಲೆ |
| Date of publication, distribution, etc. | 1963 |
| 300 ## - PHYSICAL DESCRIPTION | |
| Extent | xvi,168 p. |
| Other physical details | PB |
| Dimensions | 18x12 cm. |
| 365 ## - TRADE PRICE | |
| Currency code | ₹ |
| Unit of pricing | ₹3.00 |
| 650 ## - SUBJECT ADDED ENTRY--TOPICAL TERM | |
| Topical term or geographic name entry element | kavi kavya |
| 9 (RLIN) | 35503 |
| 700 ## - ADDED ENTRY--PERSONAL NAME | |
| Personal name | VENKATARAYACHARYA (K) |
| 9 (RLIN) | 35504 |
| 942 ## - ADDED ENTRY ELEMENTS (KOHA) | |
| Source of classification or shelving scheme | Dewey Decimal Classification |
| Koha item type | George Fernandes Collections |
| Withdrawn status | Lost status | Source of classification or shelving scheme | Damaged status | Not for loan | Collection code | Home library | Current library | Date acquired | Total Checkouts | Full call number | Barcode | Date last seen | Cost, replacement price | Price effective from | Koha item type |
|---|---|---|---|---|---|---|---|---|---|---|---|---|---|---|---|
| Dewey Decimal Classification | Kannada | St Aloysius Library | St Aloysius Library | 03/23/2013 | K894.1 VENN | GF02950 | 05/10/2022 | 3.00 | 05/10/2022 | George Fernandes Collections |